Score 0/40 Timer 04:00
2 Plays Today
Movie Word % Correct
The Color ___Purple
92.2%
Million Dollar ___Baby
91.2%
Dead Man ___Walking
89%
Little Miss ___Sunshine
88.8%
A Star Is ___Born
88.1%
Sunday Bloody ___Sunday
87%
Being ___There
86.9%
Withnail & ___I
86%
Modern ___Times
85.1%
Office ___Space
83.2%
Dr. ___No
82.9%
Murder, My ___Sweet
81.9%
The Magnificent ___Seven
81.4%
Dog Day ___Afternoon
81.4%
The Quiet ___Man
81.2%
The Turning ___Point
80.1%
Quiz ___Show
76.5%
Funny ___Girl
75%
All About ___Eve
73.5%
Grand ___Hotel
71.4%
Movie Word % Correct
Some Came ___Running
70.8%
Mississippi ___Burning
68.1%
Jackie ___Brown
67.3%
The Harder They ___Come
67.1%
Stir ___Crazy
67.1%
Roman ___Holiday
65.1%
His Girl ___Friday
62.3%
Places in the ___Heart
56.9%
Brighton ___Rock
54%
The Fisher ___King
53.9%
Short ___Cuts
53.9%
American ___Psycho
53.5%
Woman of the ___Year
51.3%
Red Rock ___West
50.6%
Our ___Town
38.2%
Life Is ___Beautiful
37.5%
Lost ___Highway
34.8%
Blackboard ___Jungle
33.7%
Midnight ___Express
25.6%
The Grey ___Fox
5.9%
Remove Ads.
Support Sporcle.
Get the best of Sporcle when you Go Orange. This ad-free experience offers more features, more stats, and more fun while also helping to support Sporcle. Thank you for becoming a member.

You're not logged in!

Compare scores with friends on all Sporcle quizzes.
OR
Log In

Show Comments

Extras

Top Quizzes Today


Score Distribution

Your Account Isn't Verified!

In order to create a playlist on Sporcle, you need to verify the email address you used during registration. Go to your Sporcle Settings to finish the process.

Report this User

Report this user for behavior that violates our Community Guidelines.

Details: